000 00567pam a2200181 a 4500
001 3052699
005 20250519095819.0
008 960516s1997 ilua b 001 0 eng
020 _a0256208107
050 0 0 _aHF5549.2.U5
_bH8 1997
082 0 0 _a658.3
_220
245 0 0 _aHuman resource management :
_bgaining a competitive advantage /
_cRaymond A. Noe ... [et al.].
260 _aChicago :
_bIrwin,
_cc1997.
300 _axxxi, 671 p. :
_bill. (some col.) ;
_c26 cm.
650 0 _aPersonnel management
_zUnited States.
700 1 _aNoe, Raymond A.
942 _2lcc
_cBK
_n0
999 _c5836
_d5836